000 00459nam a22001697a 4500
003 MACL
005 20160802144144.0
008 160802b xxu||||| |||| 00| 0 eng d
040 _cMACL
041 _aEnglish
082 _a630 DHA
100 _aDhaka, J.M
_965957
245 _aEconomics Of Agricultural Productions And Farm Management
_cJ.M. Dhaka
260 _aJaipur
_bAavishkar Publishers
_c2009
650 _aAgriculture
_965958
942 _2ddc
_cBK
999 _c55442
_d55442